| 000 | 01105nam a22002057a 4500 | ||
|---|---|---|---|
| 005 | 20240814174150.0 | ||
| 008 | s2544 th tha d | ||
| 041 | _atha | ||
| 100 | 0 | _aสิริกุล บรรพพงศ์, ผู้แปล | |
| 245 | 1 | 0 | _aอนุสัญญาว่าด้วยความหลากหลายทางชีวภาพ |
| 260 | 3 |
_aกรุงเทพฯ : _bสำนักงานนโยบายและแผนสิ่งแวดล้อม กระทรวงวิทยาศาสตร์เทคโนโลยีและสิ่งแวดล้อม, _c2544 |
|
| 300 |
_a34 หน้า ; _b 21 ซม. |
||
| 650 | 0 | 4 | _aความหลากหลายทางชีวภาพ |
| 650 | 0 | 4 | _aอนุสัญญาว่าด้วยความหลากหลายทางชีวภาพ |
| 850 | _aNALT | ||
| 942 |
_cLB _03 |
||
| 997 | _c000000000019339 | ||
| 998 |
_aSOPAPORN _j25 _k นีลวัสน์ อินทรักษา |
||
| 999 |
_c19339 _d19339 |
||
| 090 | _aKF53.7 ว587อ 2544 | ||